[Event "NOR-chT Clubs"]
[Site "Drammen"]
[Date "2022.05.26"]
[Round "2"]
[White "Hojem, Roger"]
[Black "Bjorge, Fredrik Lexow"]
[Result "1-0"]
[WhiteElo "1624"]
[BlackElo "1412"]
[PlyCount "43"]
[EventDate "2022.05.26"]
[EventType "team-swiss"]
[EventRounds "6"]
[EventCountry "NOR"]
[SourceTitle "EXT 2024"]
[Source "ChessBase"]
[SourceDate "2023.10.10"]
[SourceVersion "1"]
[SourceVersionDate "2023.10.10"]
[SourceQuality "1"]
[WhiteTeam "Kristiansund Hobby"]
[BlackTeam "Baerum II"]
[WhiteTeamCountry "NOR"]
[BlackTeamCountry "NOR"]

1. e4 e6 2. d4 d5 3. Nc3 Nf6 4. e5 Nfd7 5. Nf3 a6 6. Bd3 c5 7. dxc5 Bxc5 8. 0-0 Nc6 9. Qe2 0-0 10. Bxh7+ Kxh7 11. Ng5+ Kg6 12. Qg4 Ndxe5 13. Qg3 Kf6 14. Nge4+ Ke7 15. Nxc5 Qb6 16. Nd3 Nxd3 17. cxd3 g6 18. b3 Kd7 19. Ba3 Rg8 20. Qd6+ Ke8 21. Rfe1 d4 22. Nd5 1-0